<?xml version="1.0" encoding="UTF-8"?>
<record
    xmlns:xsi="http://www.w3.org/2001/XMLSchema-instance"
    xsi:schemaLocation="http://www.loc.gov/MARC21/slim http://www.loc.gov/standards/marcxml/schema/MARC21slim.xsd"
    xmlns="http://www.loc.gov/MARC21/slim">

  <leader>01048nam0a2200277   4500</leader>
  <controlfield tag="001">RU\NLR\BIBL_A\010887543</controlfield>
  <controlfield tag="005">20250624194513.0</controlfield>
  <datafield tag="010" ind1=" " ind2=" ">
    <subfield code="a">978-5-7670-2396-7</subfield>
    <subfield code="9">500</subfield>
  </datafield>
  <datafield tag="021" ind1=" " ind2=" ">
    <subfield code="a">RU</subfield>
    <subfield code="b">2015-74400</subfield>
    <subfield code="9">4483</subfield>
  </datafield>
  <datafield tag="035" ind1=" " ind2=" ">
    <subfield code="a">(NLR Aleph) 010887543</subfield>
  </datafield>
  <datafield tag="090" ind1=" " ind2=" ">
    <subfield code="a">10534276</subfield>
    <subfield code="c">10534276</subfield>
  </datafield>
  <datafield tag="100" ind1=" " ind2=" ">
    <subfield code="a">20151111d2015    |||y0rusy50      ca</subfield>
  </datafield>
  <datafield tag="101" ind1="0" ind2=" ">
    <subfield code="a">chv</subfield>
  </datafield>
  <datafield tag="102" ind1=" " ind2=" ">
    <subfield code="a">RU</subfield>
  </datafield>
  <datafield tag="105" ind1=" " ind2=" ">
    <subfield code="a">y   z   000 y</subfield>
  </datafield>
  <datafield tag="200" ind1="1" ind2=" ">
    <subfield code="a">&#x41F;&#x443;&#x440;&#xE7;&#x103;&#x43D; &#x43A;&#x45E;&#x43B;&#x11B; &#x432;&#x103;&#x440;&#x442;&#x442;&#x103;&#x43D;&#x43B;&#x103;&#x445;&#x11B;</subfield>
    <subfield code="e">&#x43F;&#x44C;&#x435;&#x441;&#x103;&#x441;&#x435;&#x43C;</subfield>
    <subfield code="f">&#x41B;&#x435;&#x432;&#x442;&#x438;&#x43D;&#x430; &#x41C;&#x430;&#x440;&#x44C;&#x435;</subfield>
  </datafield>
  <datafield tag="210" ind1=" " ind2=" ">
    <subfield code="a">&#x428;&#x443;&#x43F;&#x430;&#x448;&#x43A;&#x430;&#x440;</subfield>
    <subfield code="c">&#x427;&#x1CE;&#x432;&#x430;&#x448; &#x43A;&#x11B;&#x43D;&#x435;&#x43A;&#x435; &#x438;&#x437;&#x432;-&#x432;&#x438;</subfield>
    <subfield code="d">2015</subfield>
  </datafield>
  <datafield tag="215" ind1=" " ind2=" ">
    <subfield code="a">311,[1] &#x441;.</subfield>
    <subfield code="d">21</subfield>
  </datafield>
  <datafield tag="300" ind1=" " ind2=" ">
    <subfield code="a">&#x412; &#x432;&#x44B;&#x43F;. &#x434;&#x430;&#x43D;. &#x430;&#x432;&#x442;.: &#x41B;&#x435;&#x432;&#x442;&#x438;&#x43D;&#x430; &#x41C;&#x430;&#x440;&#x44C;&#x435; (&#x41D;&#x435;&#x441;&#x442;&#x435;&#x440;&#x43E;&#x432;&#x430; &#x410;&#x43B;&#x435;&#x432;&#x442;&#x438;&#x43D;&#x430; &#x41D;&#x438;&#x43A;&#x438;&#x442;&#x438;&#x447;&#x43D;&#x430;)</subfield>
  </datafield>
  <datafield tag="541" ind1="1" ind2=" ">
    <subfield code="a">&#x422;&#x430;&#x439;&#x43D;&#x430; &#x448;&#x435;&#x43B;&#x43A;&#x43E;&#x432;&#x43E;&#x433;&#x43E; &#x43E;&#x437;&#x435;&#x440;&#x430;</subfield>
    <subfield code="e">&#x43F;&#x44C;&#x435;&#x441;&#x44B;</subfield>
    <subfield code="z">rus</subfield>
  </datafield>
  <datafield tag="686" ind1="1" ind2=" ">
    <subfield code="a">&#x428;6(2=&#x427;&#x443;&#x432;)7-6</subfield>
  </datafield>
  <datafield tag="700" ind1=" " ind2="1">
    <subfield code="4">070</subfield>
    <subfield code="7">ca</subfield>
    <subfield code="8">rus</subfield>
    <subfield code="a">&#x41C;&#x430;&#x440;&#x44C;&#x435;</subfield>
    <subfield code="b">&#x41B;.</subfield>
    <subfield code="f">1945-</subfield>
    <subfield code="g">&#x41B;&#x435;&#x432;&#x442;&#x438;&#x43D;&#x430;</subfield>
    <subfield code="9">228126</subfield>
    <subfield code="3">RU\NLR\AUTH\770228182</subfield>
  </datafield>
  <datafield tag="852" ind1=" " ind2=" ">
    <subfield code="a">NLR</subfield>
    <subfield code="b">&#x41E;&#x41D;&#x41B;</subfield>
    <subfield code="j">&#x427;&#x443;&#x432;./3-4147</subfield>
  </datafield>
  <datafield tag="942" ind1=" " ind2=" ">
    <subfield code="c">BOOK</subfield>
  </datafield>
  <datafield tag="980" ind1=" " ind2=" ">
    <subfield code="a">NB</subfield>
  </datafield>
  <datafield tag="995" ind1=" " ind2=" ">
    <subfield code="5">2015-11-11</subfield>
    <subfield code="a">ad</subfield>
    <subfield code="b">NLR01</subfield>
    <subfield code="c">NLR01</subfield>
    <subfield code="e">ONL</subfield>
    <subfield code="f">1-925865</subfield>
    <subfield code="k">&#x41E;&#x41D;&#x41B; &#x427;&#x443;&#x432;./3-4147</subfield>
    <subfield code="o">0</subfield>
    <subfield code="r">BOOK</subfield>
    <subfield code="s">_34147</subfield>
  </datafield>
</record>
